[Event "45th Olympiad Budapest 2024"]
[Site "Budapest"]
[Date "2024.09.20"]
[Round "9.1"]
[White "Espinoza Solano, Jose Nahum"]
[Black "Xie, Felix"]
[Result "0-1"]
[WhiteElo "2156"]
[BlackElo "2320"]
[PlyCount "122"]
[EventDate "2024.09.11"]
[EventType "team"]
[EventRounds "11"]
[EventCountry "HUN"]
[WhiteTeam "Nicaragua"]
[BlackTeam "New Zealand"]
[WhiteTeamCountry "NCA"]
[BlackTeamCountry "NZL"]

1. e4 c5 2. Nf3 e6 3. d4 cxd4 4. Nxd4 Nf6 5. Nc3 Nc6 6. Ndb5 Bc5 7. Nd6+ Ke7 8. Nxc8+ Rxc8 9. Bd3 Qc7 10. O-O h5 11. Bg5 Kf8 12. Bxf6 gxf6 13. Kh1 h4 14. h3 Ke7 $146 ({RR} 14... a6 15. f4 b5 16. a3 Nd4 17. Qe1 Ke7 18. Nd1 Rcg8 19. c3 Nc6 20. Ne3 Rg3 21. Nd5+ exd5 22. exd5+ Kf8 23. dxc6 Rxd3 24. cxd7 Qxd7 25. Qe4 Qd5 26. Qe2 Rxh3# {0-1 (26) Aliaga Fernandez,I (2147)-Maltsevskaya,A (2374) FIDE Online Arena INT 2024}) 15. Qe1 Qf4 16. Qc1 Qg5 17. Qxg5 fxg5 18. Ne2 Ne5 19. Rad1 Rc6 20. Ng1 f6 21. Nf3 Ng6 22. Rd2 Nf4 23. Rfd1 Rd8 24. Bf1 Rd6 25. c3 Rxd2 26. Rxd2 a6 27. a4 Rc8 28. Kh2 d5 29. exd5 Nxd5 30. Kg1 Nb6 31. a5 Nd5 32. Bd3 Ba7 33. Rd1 Rc5 34. Ra1 Nf4 35. Bf1 e5 36. Nd2 Rd5 37. Nb3 f5 38. Bc4 Rd8 39. Kf1 e4 40. Be2 Kf6 41. Ra4 Rd7 42. Rc4 Nd3 43. Bxd3 exd3 44. Ke1 Bxf2+ 45. Kd2 Ke5 46. Rb4 f4 47. Nd4 Bxd4 48. cxd4+ Ke4 49. d5+ Kxd5 50. Kxd3 Kc5+ 51. Kc3 Re7 52. Rb6 Re3+ 53. Kd2 Rg3 54. Rxb7 Rxg2+ 55. Kd3 Rg3+ 56. Ke4 Rxh3 57. Rb6 Re3+ 58. Kf5 Rg3 59. Rxa6 Kb5 60. Ra8 h3 61. Ke4 f3 0-1

[Event "45th Olympiad Budapest 2024"]
[Site "Budapest"]
[Date "2024.09.20"]
[Round "9.2"]
[White "Middelburg, Tom"]
[Black "Alfaro, William"]
[Result "1-0"]
[WhiteElo "2355"]
[BlackElo "2133"]
[PlyCount "93"]
[EventDate "2024.09.11"]
[EventType "team"]
[EventRounds "11"]
[EventCountry "HUN"]
[WhiteTeam "New Zealand"]
[BlackTeam "Nicaragua"]
[WhiteTeamCountry "NZL"]
[BlackTeamCountry "NCA"]

1. e4 c5 2. Nf3 Nc6 3. Bb5 g6 4. Bxc6 dxc6 5. d3 Bg7 6. a4 ({RR} 6. Nbd2 Nf6 7. a4 Nd7 8. h3 O-O 9. a5 e5 10. Nc4 Qe7 11. O-O Rd8 12. Bd2 Nf8 13. Rb1 f6 14. b4 Be6 15. Ne3 b6 16. axb6 axb6 17. bxc5 bxc5 18. Rb6 Qd7 19. Qb1 Bf7 20. Rb7 Qc8 {Ivanchuk,V (2787)-Leko,P (2755) Mukachevo 2007 1-0 (55)}) 6... a5 7. O-O ({RR} 7. h3 Nf6 8. Be3 Nd7 9. Nc3 e5 10. Qd2 h6 11. Nh2 b6 12. O-O Nf8 13. f4 exf4 14. Bxf4 Ne6 15. Bg3 Qg5 16. Qe1 Nd4 17. Nf3 Qe7 18. Qd2 Be6 19. e5 Bf5 20. Rae1 O-O-O 21. Nxd4 Rxd4 {Milliet,S (2392)-Hauchamps,M (2262) Wachtebeke BEL 2024 1-0 (40)}) 7... Nf6 8. Qe2 $146 ({RR} 8. Nfd2 O-O 9. Na3 e5 10. Ndc4 Nd7 11. f4 b6 12. f5 Qe7 13. Qg4 Ba6 14. Be3 Rab8 15. Rf3 Bxc4 16. Nxc4 b5 17. Nxa5 Qd6 18. Raf1 c4 19. dxc4 bxa4 20. c5 Qc7 21. Nc4 Rb4 22. Nd6 Nf6 {Xiong,J (2709)-Fawzy,A (2468) Chess.com INT 2021 1-0}) ({RR} 8. Re1 Bg4 9. Nbd2 Nd7 10. h3 Bxf3 11. Nxf3 e5 12. Bg5 Qc7 13. Qc1 Nf8 14. Bh6 f6 15. Be3 Ne6 16. c3 Rd8 17. Qc2 O-O 18. Rad1 f5 19. Qb3 Qf7 20. Qb6 f4 21. Bxc5 Rfe8 22. d4 g5 {Rapport,R (2740)-Mamedov,R (2646) Almaty KAZ 2022 1-0 (34)}) ({RR} 8. Bd2 O-O 9. h3 c4 10. e5 Nd7 11. d4 b5 12. Nc3 Ba6 13. Re1 b4 14. Ne4 Nb6 15. Qc1 Nd5 16. Bh6 f6 17. Nc5 Bc8 18. Bxg7 Kxg7 19. exf6+ exf6 20. Nd2 c3 21. bxc3 Nxc3 22. Ndb3 Ra7 {Xiong,J (2692)-Salemgareev,T (2463) chess.com INT 2023 0-1 (31)}) 8... O-O 9. Re1 b6 10. h3 Ba6 11. e5 Nd5 12. Qe4 f5 13. Qh4 e6 14. Bg5 Qc7 15. Nbd2 Nb4 16. Rac1 Na2 17. Rb1 Nb4 18. Be7 Rfe8 19. Bd6 Qd8 20. Qxd8 Raxd8 21. Rec1 Rd7 22. Nc4 Bxc4 23. dxc4 Bh6 24. Rd1 Nxc2 25. Kf1 Red8 26. Ke2 Bg7 27. Bc7 Nd4+ 28. Nxd4 cxd4 29. Bxd8 Rxd8 30. f4 g5 31. g3 gxf4 32. gxf4 Bh6 33. Kf3 Bf8 34. Rd3 Kf7 35. Rbd1 Bc5 36. Rg1 Be7 37. Ke2 Rd7 38. Rb3 Bc5 39. Rg5 h6 40. Rg2 Rd8 41. Rbg3 Bf8 42. Kd3 c5 43. Rg6 Rc8 44. Rf6+ Ke7 45. Rgg6 Rc6 46. Rg8 Rc8 47. Rh8 1-0

[Event "45th Olympiad Budapest 2024"]
[Site "Budapest"]
[Date "2024.09.20"]
[Round "9.3"]
[White "Rocha, Maximiliano"]
[Black "Croad, Nicolas"]
[Result "0-1"]
[WhiteElo "2156"]
[BlackElo "2195"]
[PlyCount "34"]
[EventDate "2024.09.11"]
[EventType "team"]
[EventRounds "11"]
[EventCountry "HUN"]
[WhiteTeam "Nicaragua"]
[BlackTeam "New Zealand"]
[WhiteTeamCountry "NCA"]
[BlackTeamCountry "NZL"]

1. e4 e5 2. d4 exd4 3. Qxd4 Nc6 4. Qd3 Nf6 5. Nc3 Bc5 6. Be2 $146 ({RR} 6. Bf4 O-O 7. O-O-O Ng4 8. Nh3 d6 9. f3 Nge5 10. Bxe5 Nxe5 11. Qe2 Bxh3 12. gxh3 Qh4 13. Bg2 Ng6 14. Qe1 Qg5+ 15. Rd2 Be3 16. Nd5 Bxd2+ 17. Qxd2 Qxd2+ 18. Kxd2 c6 19. Ne3 Nf4 20. Bf1 Rad8 {Drmic,B (2000)-Hadzovic,A (2307) Bosnjaci CRO 2024 0-1}) ({RR} 6. Bf4 d6 7. f3 Be6 8. a3 a6 9. O-O-O b5 10. Nd5 Bxd5 11. exd5 Ne5 12. Bxe5 dxe5 13. Ne2 b4 14. axb4 Bxb4 15. Ng3 O-O 16. Nf5 g6 17. Ne3 Re8 18. Qc4 Rb8 19. Bd3 Qd6 20. Ng4 Nxg4 {Beerdsen,T (2504)-Deac,B (2700) chess.com INT 2023 0-1 (33)}) ({RR} 6. Bf4 d6 7. Qd2 Be6 8. O-O-O Bb4 9. f3 Bxa2 10. Bb5 O-O 11. Nge2 Be6 12. Bg5 h6 13. h4 Ne5 14. Nd4 c6 15. Bxf6 Qxf6 16. Be2 Ng6 17. h5 Nf4 18. Bf1 Bc8 19. Bc4 a5 20. g3 Ne6 {Katashuk,V (2124)-Tsaruk,M (2343) Minsk 2021 0-1 (48)}) 6... O-O 7. Bf4 Re8 8. O-O-O Bd4 9. f3 a6 10. Nh3 d5 11. Nxd5 Nxd5 12. exd5 Qxd5 13. Ng5 Bf5 14. Qc4 Rxe2 15. Rxd4 Rxc2+ 16. Qxc2 Nxd4 17. Qd2 Rd8 0-1

[Event "45th Olympiad Budapest 2024"]
[Site "Budapest"]
[Date "2024.09.20"]
[Round "9.4"]
[White "Gong, Daniel Hanwen"]
[Black "Ortiz, Marcos"]
[Result "1/2-1/2"]
[WhiteElo "2240"]
[BlackElo "2191"]
[PlyCount "68"]
[EventDate "2024.09.11"]
[EventType "team"]
[EventRounds "11"]
[EventCountry "HUN"]
[WhiteTeam "New Zealand"]
[BlackTeam "Nicaragua"]
[WhiteTeamCountry "NZL"]
[BlackTeamCountry "NCA"]

1. c4 e5 2. d3 Nc6 3. Nf3 f5 4. g3 Nf6 5. Bg2 g6 6. O-O Bg7 7. Nc3 d6 8. Rb1 a5 9. a3 O-O 10. b4 axb4 11. axb4 Qe8 12. b5 Nd8 13. Qb3 ({RR} 13. Bb2 Ne6 14. Ra1 Rb8 15. b6 c6 16. Nd2 Nd7 17. Ba3 Qe7 18. Qb3 Nec5 19. Qb4 g5 20. Nb3 Nxb3 21. Qxb3 Nc5 22. Bxc5 dxc5 23. Ra7 e4 24. Na4 e3 25. f4 gxf4 26. Bxc6 fxg3 27. Bd5+ Kh8 {Mareco,S (2634)-Anton Guijarro,D (2674) Douglas 2019 0-1}) ({RR} 13. b6 c6 14. Bb2 Nd7 15. Na4 Ne6 16. Ba3 Ndc5 17. Bxc5 dxc5 18. Nd2 Qe7 19. Nb2 Qd8 20. Na4 Qe7 21. Nb2 h5 22. e3 h4 23. f4 Rd8 24. Qb3 g5 25. fxe5 Bxe5 26. Rxf5 Nd4 27. exd4 Bxd4+ {Ciobanu,C (2093)-Relange,E (2440) Quenza FRA 2024 0-1 (44)}) 13... Kh8 14. Bb2 $146 ({RR} 14. e3 Ne6 15. Bb2 g5 16. Nd2 f4 17. exf4 gxf4 18. Nd5 Qh5 19. Nxf6 Rxf6 20. Qd1 Qg6 21. Nf3 Rf8 22. Ra1 Rxa1 23. Bxa1 Nc5 24. d4 exd4 25. Bxd4 Bg4 26. h3 Be6 27. g4 Bxc4 28. Re1 Be6 {Mader,L (1789)-Braeutigam,I (2013) Braunfels 2022 0-1 (42)}) 14... Ne6 15. Ra1 Rxa1 16. Rxa1 e4 17. Ne1 Nc5 18. Qc2 g5 19. e3 Qf7 20. d4 Ncd7 21. Qe2 Nb6 22. d5 Nbd7 23. f4 exf3 24. Nxf3 h6 25. Nd4 Nc5 26. Rf1 Qg6 27. Qc2 Ng4 28. Nd1 Qe8 29. Qe2 Ne4 30. Bxe4 Qxe4 31. h3 Nf6 32. Qf3 Qxf3 33. Rxf3 Ne4 34. Bc1 Kh7 1/2-1/2

[Event "45th Olympiad Budapest 2024"]
[Site "Budapest"]
[Date "2024.09.20"]
[Round "9.1"]
[White "Barrish, Daniel"]
[Black "Giron Chavez, David Emanuel"]
[Result "1-0"]
[WhiteElo "2281"]
[BlackElo "2065"]
[PlyCount "81"]
[EventDate "2024.09.11"]
[EventType "team"]
[EventRounds "11"]
[EventCountry "HUN"]
[WhiteTeam "South Africa"]
[BlackTeam "Guatemala"]
[WhiteTeamCountry "RSA"]
[BlackTeamCountry "GUA"]

1. d4 {ChessBase II} Nf6 2. c4 e6 3. Nc3 Bb4 4. Qc2 d5 5. a3 Bxc3+ 6. Qxc3 Ne4 7. Qc2 c5 8. dxc5 Nc6 9. Nf3 Qa5+ 10. Bd2 Qxc5 11. e3 Nxd2 12. Nxd2 O-O 13. b4 Qe7 14. Be2 ({RR} 14. Bd3 h6 15. O-O Bd7 16. cxd5 exd5 17. Bh7+ Kh8 18. Bf5 d4 19. Rae1 Rac8 20. exd4 Qd6 21. Nc4 Qc7 22. Bxd7 Qxd7 23. Qd3 Qxd4 24. Qxd4 Nxd4 25. Nd6 Rc7 26. Re4 Nc2 27. Nb5 Rd7 28. Rc4 a6 {Bok,B (2607)-Mindlin,A (2436) chess.com INT 2023 1-0 (58)}) 14... d4 15. O-O dxe3 16. fxe3 e5 $146 ({RR} 16... b6 17. c5 bxc5 18. bxc5 Bb7 19. Rab1 Rab8 20. Qc3 Qc7 21. Rb2 Ne5 22. Rfb1 Bc6 23. Rxb8 Rxb8 24. Rxb8+ Qxb8 25. Qb4 Qc7 26. Nc4 h6 27. Nxe5 Qxe5 28. Qd4 Qg5 29. Bf1 e5 30. Qd2 g6 31. Kf2 {Akobian,V (2640)-Song,E (2288) Chess.com INT 2018 0-1 (53)}) ({RR} 16... Qg5 17. Rf3 f5 18. c5 Ne5 19. Rg3 Qf6 20. Rf1 Ng6 21. Ne4 Qe5 22. Nd6 a5 23. Bc4 axb4 24. axb4 Ra1 25. Qd2 Rxf1+ 26. Bxf1 f4 27. exf4 Nxf4 28. Rf3 Bd7 29. Qe3 Qxe3+ 30. Rxe3 Bc6 31. b5 {Golod,V (2582)-Kosteniuk,A (2531) Playchess.com INT 2006 1-0 (47)}) ({RR} 16... b6 17. c5 bxc5 18. Ne4 Bb7 19. Qxc5 Rad8 20. Rfd1 Ba8 21. Rac1 Qb7 22. Bf3 Rxd1+ 23. Rxd1 Qb8 24. Ng5 Rc8 25. Qc2 g6 26. Qf2 Ne5 27. Bxa8 Qxa8 28. Qf4 Qb8 29. Ne4 Nc4 30. Qh4 Qe5 31. Nf6+ {Ponomariov,R (2711)-Moiseenko,A (2701) Lvov 2014 CBM 164 [ChessBase II] ½-½ (34)}) ({RR} 16... Qg5 17. Rf3 f5 18. c5 Ne5 19. Rg3 Qf6 20. Rf1 Ng6 21. Ne4 Qe5 22. Nd6 a5 23. Bc4 axb4 24. axb4 Ra1 25. Qd2 Rxf1+ 26. Bxf1 f4 27. exf4 Nxf4 28. Rf3 Bd7 29. Qe3 Qxe3+ 30. Rxe3 Bc6 31. b5) 17. c5 Be6 18. Nc4 Rac8 19. Nd6 Rc7 20. Rac1 Qg5 21. Qe4 f5 22. Qf3 a6 23. Bc4 Bxc4 24. Rxc4 g6 25. h4 Qd8 26. Nxb7 Qe7 27. Nd6 e4 28. Qg3 Qe5 29. Qxe5 Nxe5 30. Rd4 a5 31. Nb5 Rb7 32. Nd6 Rc7 33. Rc1 axb4 34. axb4 Rb8 35. b5 Nd3 36. b6 Rxb6 37. cxb6 Rxc1+ 38. Kh2 Rb1 39. b7 Nc5 40. Rc4 Na6 41. Rc6 1-0

[Event "45th Olympiad Budapest 2024"]
[Site "Budapest"]
[Date "2024.09.20"]
[Round "9.2"]
[White "Galvez Dastin, Eduardo"]
[Black "Levitan, Caleb Levi"]
[Result "1-0"]
[WhiteElo "2100"]
[BlackElo "2193"]
[PlyCount "55"]
[EventDate "2024.09.11"]
[EventType "team"]
[EventRounds "11"]
[EventCountry "HUN"]
[WhiteTeam "Guatemala"]
[BlackTeam "South Africa"]
[WhiteTeamCountry "GUA"]
[BlackTeamCountry "RSA"]

1. d4 {ChessBase} d5 2. c4 dxc4 3. e4 Nf6 4. e5 Nd5 5. Bxc4 Nb6 6. Bb3 Bf5 7. Qf3 ({RR} 7. Nf3) ({RR} 7. Nc3) ({RR} 7. Nf3 e6 8. Nc3 Nc6 9. Be3 Be7 10. O-O O-O 11. a3 Na5 12. Bc2 Qd7 13. Bxf5 exf5 14. d5 Nac4 15. Bxb6 Nxb6 16. Qb3 Rad8 17. Rad1 Rfe8 18. Rfe1 g6 19. h4 Kg7 20. h5 Bc5 21. Qc2 a5 {Carlsen,M (2872)-Le,Q (2713) Moscow 2019 1-0 (32)}) ({RR} 7. Nf3 e6 8. O-O Nc6 9. Nc3 Nb4 10. Bg5 Qd7 11. a4 a5 12. Qd2 h6 13. Bh4 N6d5 14. Bg3 Be7 15. Rac1 c6 16. Nxd5 cxd5 17. Bd1 O-O 18. b3 Bd3 19. Be2 Bxe2 20. Qxe2 Rfc8 21. Qd2 b5 {Esmeraldas Huachi,A (2148)-Yurovskykh,O (2328) chess.com INT 2024 0-1 (79)}) 7... e6 8. Ne2 ({RR} 8. Qxb7 Qxd4) 8... Nc6 9. Nbc3 $146 ({RR} 9. Be3 Na5 10. Bd1 Qd5 11. Nec3 Qxf3 12. Bxf3 O-O-O 13. Nd2 Nac4 14. Nxc4 Nxc4 15. O-O-O Be7 16. h4 h6 17. g4 Bh7 18. Be4 Bxe4 19. Nxe4 Rd5 20. b3 Nb6 21. h5 Rd7 22. Kb2 Nd5 23. Bd2 Bb4 {Fedder,S (2440)-Nikolic,P (2490) Plovdiv 1983 EU-chT [ChessBase] 0-1 (55)}) ({RR} 9. O-O Qh4 10. Nbc3 O-O-O 11. Be3 Qg4 12. Qxg4 Bxg4 13. h3 Bxe2 14. Nxe2 Nb4 15. Nc3 N4d5 16. Ne4 Be7 17. Rac1 Kb8 18. Nc5 h5 19. g3 g6 20. Bd2 Rhg8 21. f4 c6 22. h4 Bxc5 23. dxc5 Nc8 {Citak,S (2319)-Atalik,S (2597) Ankara 2008 0-1 (48)}) ({RR} 9. O-O Na5 10. Bd1 Be7 11. Nbc3 O-O 12. Be3 Nbc4 13. b3 Nxe3 14. fxe3 Bg6 15. Nf4 c5 16. Nxg6 hxg6 17. d5 exd5 18. Nxd5 Nc6 19. Qe4 Re8 20. Bc2 Nxe5 21. Qxe5 Bg5 22. Qg3 Qxd5 23. Rad1 Qe5 {Kula,R (2330)-Staniszewski,P (2410) Warsaw 1989 0-1 (52)}) 9... Nxd4 10. Nxd4 Qxd4 11. Be3 Qxe5 12. Qxb7 Bd6 13. Qc6+ Ke7 14. O-O-O Rhd8 15. Rhe1 Qxh2 16. Qf3 Kf8 17. g4 Bg6 18. Bxe6 Qh4 19. Bf5 Bxf5 20. gxf5 Qb4 21. Rd4 Qa5 22. Rh4 Ba3 23. Kb1 Nd5 24. Bd4 Rab8 25. Bxg7+ Kxg7 26. Rxh7+ Kf6 27. Rh6+ Kg7 28. Qg4+ 1-0

[Event "45th Olympiad Budapest 2024"]
[Site "Budapest"]
[Date "2024.09.20"]
[Round "9.3"]
[White "Mhango, Banele"]
[Black "Aragon Trujillo, Ricardo M."]
[Result "1-0"]
[WhiteElo "2261"]
[BlackElo "2057"]
[PlyCount "113"]
[EventDate "2024.09.11"]
[EventType "team"]
[EventRounds "11"]
[EventCountry "HUN"]
[WhiteTeam "South Africa"]
[BlackTeam "Guatemala"]
[WhiteTeamCountry "RSA"]
[BlackTeamCountry "GUA"]

1. d4 Nf6 2. c4 e6 3. Nf3 d5 4. g3 c6 5. Qc2 Bd6 6. Bg2 O-O 7. O-O Nbd7 8. Nbd2 Re8 9. e4 Nxe4 10. Nxe4 dxe4 11. Qxe4 e5 12. dxe5 Nxe5 13. Ng5 ({RR} 13. Bd2 Bg4 14. Nxe5 Bxe5 15. Qxg4 Qxd2 16. Rad1 Qa5 17. Rd7 Rab8 18. Qf5 f6 19. Be4 {1-0 (19) Matveev,V (2372)-Yudin,S (2494) Cheliabinsk 2019}) ({RR} 13. Rd1 Bg4 14. Kh1 f5 15. Qc2 Nxf3 16. Bf4 Qa5 17. Rxd6 Re1+ 18. Bf1 Rxa1 19. Qd3 Bh3 20. Bd2 Qxd2 {0-1 (20) Sun,Y (1092)-Zhou,L (1504) Shanghai CHN 2024}) 13... f5 14. Qc2 h6 15. Nh3 $146 ({RR} 15. Nf3 Nxf3+ 16. Bxf3 f4 17. c5 Bc7 18. Bxf4 Bxf4 19. Qc4+ Be6 20. Qxf4 Bh3 21. Rfe1 Qa5 22. Qc4+ Kh8 23. b4 Qa3 24. Rxe8+ Rxe8 25. Qf7 Re6 26. Bg2 Qxa2 27. Qf8+ Kh7 28. Rf1 Bxg2 {½-½ (28) Soltau,A (1963)-Marquardt,R (1724) Hamburg 2007}) 15... Ng6 16. Kh1 Be6 17. f4 Nf8 18. Be3 Nd7 19. Rad1 Qc7 20. Nf2 Rad8 21. Nd3 c5 22. b3 Be7 23. Nb2 Nb8 24. Na4 Kh8 25. Nc3 Nc6 26. Nd5 Bxd5 27. cxd5 Nb4 28. Qxf5 Bf8 29. Be4 g6 30. Qxg6 Qg7 31. Bc1 Qxg6 32. Bxg6 Re2 33. a3 Na2 34. Bd2 Rxd5 35. Ba5 Rd4 36. Rde1 Rxe1 37. Bxe1 Kg8 38. Bb1 Rd1 39. Bc2 Rc1 40. Be4 b6 41. Bd5+ Kh7 42. Kg2 Nc3 43. Be6 Bg7 44. g4 Bd4 45. h4 Nd1 46. Bd2 Ne3+ 47. Bxe3 Bxe3 48. Rf3 Bd4 49. a4 Kg7 50. g5 Rc2+ 51. Kg3 a6 52. Bc4 a5 53. Kg4 Rf2 54. Rxf2 Bxf2 55. f5 Bd4 56. f6+ Kf8 57. Kf5 1-0

[Event "45th Olympiad Budapest 2024"]
[Site "Budapest"]
[Date "2024.09.20"]
[Round "9.4"]
[White "Garcia Fuentes, Sergio Miguel"]
[Black "Cawdery, Daniel"]
[Result "0-1"]
[WhiteElo "2114"]
[BlackElo "2356"]
[PlyCount "76"]
[EventDate "2024.09.11"]
[EventType "team"]
[EventRounds "11"]
[EventCountry "HUN"]
[WhiteTeam "Guatemala"]
[BlackTeam "South Africa"]
[WhiteTeamCountry "GUA"]
[BlackTeamCountry "RSA"]

1. d4 Nf6 2. Bg5 Ne4 3. Bf4 c5 4. f3 Nf6 5. dxc5 e5 6. Bxe5 Bxc5 7. Bd4 Qb6 8. Bxc5 Qxc5 9. Nc3 d5 10. e3 Nc6 11. Qd2 O-O 12. Nge2 Re8 13. O-O-O Rxe3 14. Nd4 Re8 15. Bb5 Be6 $146 ({RR} 15... Bd7 16. Bxc6 Bxc6 17. Qg5 h6 18. Qg3 Bd7 19. Nb3 Qe3+ 20. Kb1 Qe5 21. Qf2 Bc6 22. Nd4 Bd7 23. g4 Qf4 24. Qg3 Qxg3 25. hxg3 Re3 26. Kc1 Rae8 27. Kd2 Kf8 28. g5 hxg5 29. Rh8+ Ng8 30. Ne4 {Wirig,A (2422)-Bindrich,F (2253) Zemplinska Sirava 2004 0-1 (53)}) ({RR} 15... Bd7 16. Nb3 Qb6 17. Bxc6 bxc6 18. Rhe1 Be6 19. Na4 Qc7 20. g3 Nd7 21. Qc3 Nb6 22. Nac5 Bf5 23. Nd4 Bg6 24. Na6 Qd7 25. Qxc6 Qxc6 26. Nxc6 Kf8 27. Rxe8+ Rxe8 28. b3 Rc8 29. Nab4 a5 30. Nxa5 {Hansen,S (2569)-Skytte,R (2430) Skorping 2014 1-0 (32)}) 16. Rhe1 a6 17. Bxc6 bxc6 18. Nb3 Qd6 19. Nd4 Rab8 20. h3 Qb4 21. b3 c5 22. Nxe6 fxe6 23. Kb2 a5 24. Ka1 c4 25. Na4 Qb5 26. Qd4 Qc6 27. Qc5 Qa6 28. Qd4 Nd7 29. Rd2 cxb3 30. cxb3 Rb4 31. Qd3 Qd6 32. Qc2 Rbb8 33. Qd1 Qf4 34. Rd4 Qf6 35. Kb1 Ne5 36. Rd2 Nc4 37. Rd4 Na3+ 38. Kb2 Nb5 0-1

[Event "45th Olympiad Budapest 2024"]
[Site "Budapest"]
[Date "2024.09.20"]
[Round "9.1"]
[White "Darmanin, Jake"]
[Black "Mandizha, Farai"]
[Result "1/2-1/2"]
[WhiteElo "2119"]
[BlackElo "2371"]
[PlyCount "91"]
[EventDate "2024.09.11"]
[EventType "team"]
[EventRounds "11"]
[EventCountry "HUN"]
[WhiteTeam "Malta"]
[BlackTeam "Zimbabwe"]
[WhiteTeamCountry "MLT"]
[BlackTeamCountry "ZIM"]

1. e4 c5 2. c3 Nf6 3. e5 Nd5 4. Bc4 Nb6 5. Bb3 c4 6. Bc2 Nc6 7. Nf3 d6 8. exd6 Qxd6 9. O-O Bg4 10. Re1 Rd8 ({RR} 10... e6 11. b3 Qc7 12. h3 Bh5 13. Na3 Bxa3 14. Bxa3 O-O-O 15. Qe2 Bxf3 16. Qxf3 Rxd2 17. Be4 Rhd8 18. Bc1 Ne5 19. Qg3 R2d3 20. Be3 Nd5 21. bxc4 Rxe3 22. Rxe3 Nxe3 23. Qxe3 b6 24. Qg3 g6 25. Re1 {Abdusattorov,N (2731)-Karthikeyan,M (2627) Berlin GER 2023 1-0 (66)}) ({RR} 10... O-O-O 11. h3 Bh5 12. b3 e6 13. Na3 Ne5 14. Rxe5 Bxf3 15. Qe1 Bd5 16. Qe2 Qc6 17. Be4 Bd6 18. Bxd5 exd5 19. Qg4+ Kb8 20. Re1 Rhe8 21. Bb2 Rxe1+ 22. Rxe1 Re8 23. Kf1 Rxe1+ 24. Kxe1 Bxa3 25. Bxa3 {Gramb,M (2175)-Folk,P (2073) Plzen CZE 2024 ½-½ (60)}) 11. Na3 $146 ({RR} 11. b3 e6 12. Na3 cxb3 13. axb3 Be7 14. Nc4 Nxc4 15. bxc4 Ne5 16. Rxe5 Bxf3 17. Qe1 Bc6 18. Rxa7 O-O 19. d4 Ra8 20. Rxa8 Rxa8 21. c5 Qc7 22. Bf4 Bf6 23. Bxh7+ Kf8 24. Re4 Qa5 25. Bd6+ Ke8 {Zhigalko,S (2572)-Vlassov,N (2283) chess.com INT 2023 1-0 (51)}) ({RR} 11. b3 g6 12. Na3 Be6 13. Nb5 Qb8 14. Nbd4 Nxd4 15. Nxd4 Bd5 16. Qe2 Rd7 17. bxc4 Bxc4 18. d3 Bd5 19. c4 Bg7 20. Bb2 O-O 21. cxd5 Rxd5 22. Bb3 Rxd4 23. Bxd4 Bxd4 24. Rac1 e6 25. Qe4 Rd8 {Piter,S-Zablotsky,V (2176) Berdsk 2009 0-1 (69)}) 11... Ne5 12. Rxe5 Bxf3 13. Qe1 Bc6 14. b3 cxb3 15. axb3 a6 16. d4 e6 17. Nc4 Nxc4 18. bxc4 Qc7 19. Bf4 Bd6 20. d5 Bd7 21. c5 Bxe5 22. Bxe5 Qxc5 23. Bxg7 Rg8 24. Bf6 h5 25. Rd1 Rc8 26. Bf5 Kf8 27. dxe6 Bxe6 28. Bxe6 fxe6 29. Qxe6 Re8 30. Rd8 Rxd8 31. Bxd8 Rg7 32. Bf6 Rg6 33. g3 b6 34. Be7+ Qxe7 35. Qxg6 Qc5 36. Qf6+ Ke8 37. h3 a5 38. g4 hxg4 39. hxg4 a4 40. g5 a3 41. g6 Qc4 42. Qh8+ Ke7 43. g7 Qg4+ 44. Kh2 Qf4+ 45. Kg2 Qg4+ 46. Kh2 1/2-1/2

[Event "45th Olympiad Budapest 2024"]
[Site "Budapest"]
[Date "2024.09.20"]
[Round "9.2"]
[White "Mwadzura, Roy"]
[Black "Novak, Attila Robert"]
[Result "1-0"]
[WhiteElo "2229"]
[BlackElo "2135"]
[PlyCount "69"]
[EventDate "2024.09.11"]
[EventType "team"]
[EventRounds "11"]
[EventCountry "HUN"]
[WhiteTeam "Zimbabwe"]
[BlackTeam "Malta"]
[WhiteTeamCountry "ZIM"]
[BlackTeamCountry "MLT"]

1. e4 e6 2. d4 d5 3. e5 c5 4. c3 Nc6 5. Nf3 Bd7 6. Be2 Nge7 7. Na3 cxd4 8. cxd4 Nf5 9. Nc2 Be7 10. Bd3 ({RR} 10. O-O h5 11. Ne3 g5 12. Nxf5 exf5 13. Ne1 Qb6 14. Nc2 f4 15. Qd3 Nd8 16. h4 Ne6 17. hxg5 O-O-O 18. a4 Rdg8 19. a5 Qd8 20. a6 b6 21. Qc3+ Kb8 22. Nb4 Bxb4 23. Qxb4 Rxg5 24. Bf3 Rhg8 {Shirov,A (2690)-Andersson,U (2655) Monte Carlo 1997 1-0}) 10... Rc8 ({RR} 10... O-O 11. O-O Rc8 12. a3 a6 13. b4 b5 14. Re1 Qb6 15. g4 Nh4 16. Nxh4 Bxh4 17. g5 Nxd4 18. Be3 Qd8 19. Nxd4 Bxg5 20. Qh5 h6 21. Bxg5 Qxg5+ 22. Qxg5 hxg5 23. Rac1 f6 24. Rxc8 Rxc8 25. exf6 {Nazari,A (2375)-Navrotescu,A (2222) chess.com INT 2024 0-1 (45)}) 11. h4 Nb4 $146 ({RR} 11... Qb6 12. Bxf5 exf5 13. O-O h6 14. g3 Be6 15. Qd3 Qd8 16. Bd2 Qd7 17. Rac1 f4 18. Bxf4 Bf5 19. Qe2 Be4 20. Nd2 Bxc2 21. Rxc2 Nxd4 22. Rxc8+ Qxc8 23. Qd3 Ne6 24. Be3 Qd7 25. Bxa7 O-O 26. a3 {Fluvia Poyatos,J (2443)-Gonzalez Garcia,J (2498) Barcelona 2017 0-1 (71)}) 12. Nxb4 Bxb4+ 13. Kf1 Qb6 14. a3 Be7 15. g4 Rxc1 16. Rxc1 Nxd4 17. Nxd4 Qxd4 18. Qe2 Qb6 19. g5 Bc6 20. Rg1 g6 21. Rc2 Bf8 22. Rg4 h5 23. Rf4 Be7 24. Qd2 Rf8 25. Qc3 Kd7 26. b4 a6 27. Kg1 Kc7 28. a4 Kb8 29. b5 axb5 30. axb5 Bd7 31. Qa1 Bc5 32. Ra4 Rd8 33. Ra8+ Kc7 34. Rxc5+ Qxc5 35. Qa5+ 1-0

[Event "45th Olympiad Budapest 2024"]
[Site "Budapest"]
[Date "2024.09.20"]
[Round "9.3"]
[White "Mizzi, Jack"]
[Black "Mushore, Emarald Takudzwa"]
[Result "1/2-1/2"]
[WhiteElo "2053"]
[BlackElo "2150"]
[PlyCount "258"]
[EventDate "2024.09.11"]
[EventType "team"]
[EventRounds "11"]
[EventCountry "HUN"]
[WhiteTeam "Malta"]
[BlackTeam "Zimbabwe"]
[WhiteTeamCountry "MLT"]
[BlackTeamCountry "ZIM"]

1. d4 d5 2. Nf3 Nf6 3. g3 e6 4. Bg2 b5 5. a4 b4 6. c4 bxc3 7. Nxc3 Be7 8. Bf4 O-O 9. O-O Na6 10. Ne5 Bb7 11. Rc1 c5 12. dxc5 Bxc5 13. Bg5 $146 ({RR} 13. Qb3 Qb6 14. Qxb6 axb6 15. Nd3 Rfc8 16. Nxc5 Nxc5 17. Be3 Nxa4 18. Nxa4 Rxa4 19. b3 Ra3 20. Rxc8+ Bxc8 21. b4 Ba6 22. Rc1 Nd7 23. b5 Bxb5 24. Rc8+ Nf8 25. Bf3 Bd7 26. Rc7 b5 27. Bf4 Ra8 {Trichkov,V (2314)-Vrana,J (2299) Czech Republic 2017 ½-½ (59)}) 13... Be7 14. Nb5 h6 15. Be3 Qb8 16. Bd4 Bd8 17. Qd2 Bb6 18. b4 Bxd4 19. Qxd4 Nxb4 20. f4 a5 21. f5 Ra6 22. Rc7 Bc8 23. Rfc1 exf5 24. Nxf7 Be6 25. Ne5 Qe8 26. Bf3 Qd8 27. Qb2 Ne8 28. R7c5 Qf6 29. Qd4 Ra8 30. Bh5 Rd8 31. Ng6 Rf7 32. Ne5 Rf8 33. Bxe8 Rfxe8 34. Nc7 Re7 35. Rxa5 Bf7 36. Nf3 Qxd4+ 37. Nxd4 Re4 38. Rd1 Rc8 39. Rc5 f4 40. g4 Be8 41. Na6 Rxc5 42. Nxc5 Re7 43. Rb1 Nc6 44. Nxc6 Bxc6 45. Rb6 Bxa4 46. Nxa4 Rxe2 47. Nc3 Rd2 48. Rd6 f3 49. h3 h5 50. Rxd5 Rg2+ 51. Kf1 hxg4 52. hxg4 Rxg4 53. Kf2 Rf4 54. Nb1 g6 55. Nd2 Kg7 56. Kg3 Rf5 57. Rd3 f2 58. Kg2 g5 59. Rg3 Kh6 60. Nf1 Rf4 61. Ra3 Kg6 62. Kg3 Rf6 63. Ra1 Rf4 64. Ne3 Rf6 65. Rf1 Rf4 66. Ng4 Kf5 67. Nxf2 Kg6 68. Rb1 Ra4 69. Rb3 Rf4 70. Nh3 Ra4 71. Rb6+ Kh5 72. Rb5 Ra3+ 73. Kg2 Kh4 74. Rb4+ Kh5 75. Nf2 Kg6 76. Rb6+ Kf5 77. Rb5+ Kg6 78. Ne4 Rd3 79. Rxg5+ Kf7 80. Ra5 Re3 81. Ng5+ Kg6 82. Nf3 Re4 83. Kg3 Rb4 84. Nh2 Rb3+ 85. Kh4 Rb1 86. Nf3 Rb4+ 87. Kg3 Rb3 88. Kf4 Rb4+ 89. Ke5 Rb1 90. Ra6+ Kg7 91. Kf5 Rf1 92. Ra7+ Kh6 93. Ra6+ Kg7 94. Kg4 Kf7 95. Nd2 Rf6 96. Ra7+ Kg6 97. Ne4 Re6 98. Kf4 Rc6 99. Ra5 Rb6 100. Ke5 Rc6 101. Ra1 Rb6 102. Rg1+ Kf7 103. Nd6+ Kf8 104. Nc4 Ra6 105. Kf5 Rh6 106. Ne5 Ra6 107. Rd1 Ke8 108. Rd7 Ra5 109. Rb7 Ra6 110. Nc4 Rc6 111. Ne5 Ra6 112. Nf7 Rc6 113. Ke5 Ra6 114. Nd6+ Kf8 115. Rd7 Ra1 116. Kf6 Rf1+ 117. Nf5 Ke8 118. Rh7 Kd8 119. Ke6 Re1+ 120. Kd5 Rd1+ 121. Nd4 Ke8 122. Ke6 Re1+ 123. Kd6 Rd1 124. Kd5 Kf8 125. Rd7 Ke8 126. Ra7 Kf8 127. Ke5 Re1+ 128. Kf6 Rf1+ 129. Nf5 Ke8 1/2-1/2